00550 2200205 4500001002100000008004100021035002000062245010800082100001500190250000600205260003800211300001100249084001400260082000800274650001400282990001200296990001200308990001200320990001200332INLIS000000000000457 ind  a0010-0424000433 aSejarah Mobil; Mengungkap Sejarah & Perkembangan Mobil Dari Awal Diciptakan Hingga Masa KinicPuji Tyas aTyas, Puji a1 aMakasar :bCitra Adi Bangsac2010 a60 hlm a600 PUJ s a600 aNon Fiksi a0722627 a0722628 a0722629 a0722630